000 00342nam a2200133Ia 4500
008 240624s9999 xx 000 0 und d
041 _aeng
082 _a658.5 CHA
100 _aCHASE RICHARD B
245 _aOPERATIONS AND SUPPLY MANAGEMENT
250 _a(12th ed.)
260 _c2010
_aNew Delhi
_bMcGraw-Hill Companies
300 _a952 : p.
999 _c20592
_d20592